| 000 | 02135nam a22003257a 4500 | ||
|---|---|---|---|
| 999 |
_c964 _d964 |
||
| 003 | AR-CdUCM | ||
| 008 | 190226b ||||| |||| 00| 0 spa d | ||
| 020 | _a9972719073 | ||
| 040 |
_aMUNICIPALIDAD PROVINCIAL DEL CUSCO _cBIBLIOTECA MUNICIPAL DEL CUSCO |
||
| 082 |
_a353.985 / _bSU94 |
||
| 110 |
_aSuperintendencia de Banca, Seguros y AFP. _93748 |
||
| 245 | _aHistoria de la supervisión y regulación financiera en el Perú / | ||
| 260 |
_aLima : _bSuperintendencia de Banca, Seguros y AFP; _bBiblos, _c2006. |
||
| 300 |
_a227 páginas ; _c31 cm. |
||
| 500 | _aInvestigación histórica, Antonio Zapata. Investigación económica y financiera, Javier Poggi, Michel Canta y Alejandro Arrieta . Primera recopilación e investigación, María del Pilar Tello. | ||
| 505 | _aContenido: Antecedentes de la regulación y supervisión financiera en el Perú: la experiencia de la banca no supervisada: 1600-1930 -- La creación de la superintendencia de bancos y el nacimiento de la banca comercial: 1930-1948 -- Liberalización del sistema financiero: 1948 - 1968 -- Intervención estatal y represión financiera: 1968-1978 -- La reversión parcial de las reformas del gobierno militar y el contexto de elevada inflación: 1979-1990 -- Globalización de mercados financieros y reformas estructurales: 1990-1997 -- Fortalecimiento de los mecanismos de resolución bancaria en un contexto de shocks económicos e inestabilidad política: 1998-2001 -- Modernización de la regulación y supervisión: 2002.2005. | ||
| 650 |
_aSuperintendencia de Banca, Seguros y AFP (Perú) - Historia. _93749 |
||
| 650 |
_aAdministración financiera - Perú -Historia. _93750 |
||
| 650 |
_aFinanzas públicas - Perú - Historia. _93751 |
||
| 650 |
_aAdministración- Perú- Historia _93752 |
||
| 650 |
_aEstados financieros - Estadísticas _93753 |
||
| 650 |
_aPresupuesto - Perú - Historia _93754 |
||
| 700 |
_aZapata, Antonio _92262 |
||
| 700 |
_aPoggi, Javier _93755 |
||
| 700 |
_aCanta, Michel _93756 |
||
| 700 |
_aArrieta, Alejandro _93757 |
||
| 700 |
_aTello, María del Pilar _93758 |
||
| 942 |
_2ddc _cLIBROS |
||
| 945 |
_alccs _d2019-02-26 |
||